Ecclesia in Glacz frequencius a Christi fidelibus visitetur

Titel: Ecclesia in Glacz frequencius a Christi fidelibus visitetur = Kapitoly z dějin kladské kanonie v době předhusitské / Pavel Otmar Krafl
Verfasser:
Ausgabe: 1. vydání
Veröffentlicht: Brno : Masarykova univerzita, 2015
Umfang: 198 Seiten
Format: Buch
Sprache: Tschechisch; Latein
Schlagworte:
ISBN: 9788021078918
Buchumschlag
X
alg: 43525802
001A    $03025:24-08-18 
001B    $01999:28-04-21 $t11:44:11.000 
001D    $03025:24-08-18 
001U    $0utf8 
001X    $00 
002@    $0Aax 
002C    $aText $btxt $2rdacontent 
002D    $aohne Hilfsmittel zu benutzen $bn $2rdamedia 
002E    $aBand $bnc $2rdacarrier 
003@    $0435258028 
003O    $0932000358 $aOCoLC 
004A    $A978-80-210-7891-8 
006C    $0965636396 $aOCoLC 
007A    $0AC12396168 $aOBV 
007G    $0DE020FB1EAC74B3F76494C12586C4004B32E7 
009P    $qapplication/pdf $3Literaturverzeichnis $uhttp://bvbr.bib-bvb.de:8991/F?func=service&doc_library=BVB01&local_base=BVB01&doc_number=030120734&sequence=000006&line_number=0002&func_code=DB_RECORDS&service_type=MEDIA $mDigitalisierung BSB München 19 - ADAM Catalogue Enrichment 
009P    $qapplication/pdf $3Register // Personenregister $uhttp://bvbr.bib-bvb.de:8991/F?func=service&doc_library=BVB01&local_base=BVB01&doc_number=030120734&sequence=000007&line_number=0003&func_code=DB_RECORDS&service_type=MEDIA $mDigitalisierung BSB München 19 - ADAM Catalogue Enrichment 
009P    $qapplication/pdf $3Abstract $uhttp://bvbr.bib-bvb.de:8991/F?func=service&doc_library=BVB01&local_base=BVB01&doc_number=030120734&sequence=000008&line_number=0004&func_code=DB_RECORDS&service_type=MEDIA $mDigitalisierung BSB München 19 - ADAM Catalogue Enrichment 
009P    $qapplication/pdf $A2 $3Inhaltsverzeichnis $uhttp://scans.hebis.de/HEBCGI/show.pl?43525802_toc.pdf $mV:DE-603;B:DE-Mb50 
010@    $acze $alat 
010E    $erda 
011@    $a2015 $n2015 
021A    $aEcclesia in Glacz frequencius a Christi fidelibus visitetur $fKapitoly z dějin kladské kanonie v době předhusitské $hPavel Otmar Krafl 
028A    $BVerfasser $#Krafl, Pavel Otmar $#Krafl, P. O. $4aut $7135919894 $8Krafl, Pavel$Z1971- [Tp1] $9202571432 
032@    $a1. vydání 
033A    $pBrno $nMasarykova univerzita 
034D    $a198 Seiten 
037A    $aEnglische Zusammenfassung, Seiten 197-198: Chapters from the history of the Kladsko/Kłodzko/Glatz canonry in the pre-Hussite period 
044K    $RGlatz $RWoiwodschaft Niederschlesien $RWałbrzych $RWoiwodschaft Breslau $#Kladsko $75058463-7 $8Kłodzko [Tg1] $9044730225 
044K    $qBVB $#CRSA $#Augustiner-Chorherren $#Regularkanoniker des Heiligen Augustinus $#Canonici Regulares Sancti Augustini $#CSA $#Ordo Canonicorum Regularium S. Augustini $#Ordo Canonicorum Regularium Sancti Augustini $72180420-5 $8Augustinerchorherren [Tb1] $9084594748 
044K    $qBVB $#Convents $#Couvents $#Kanonikerstift $#Stifte $74057534-2 $8Stift [Ts1] $9085160024 
045F    $a200.943809023 $eDDC23BSB 
045F/01 $a200.9 
045F/03 $f09023 
045F/03 $f09024 
045F/03 $g438 
045F/03 $g4385 
045R    $aKirchengeschichte 1350-1419 
045T    $aOST $qDE-12 $2FID 
046L    $aTeilweise latein, teilweise tschechisch 

lok: 43525802 24

exp: 43525802 24 1 #EPN
201B/01 $007-04-21 $t12:36:35.000 
201C/01 $007-04-21 
201U/01 $0utf8 
203@/01 $01148227792 
208@/01 $a07-04-21 $bz 
209A/01 $a21.01536 $du $f050 $h21 01536 $x00 
209C/01 $a21.01536 G $h21 01536 G 
209G/01 $a74248586 $x00 
220C/01 $akon 
247C/01 $8358050-7 Marburg, Bibliothek des Herder-Instituts Marburg $9102600961 

lok: 43525802 78

exp: 43525802 78 1 #EPN
201B/01 $024-08-18 $t13:56:22.000 
201C/01 $024-08-18 
201U/01 $0utf8 
203@/01 $0102670703X 
208@/01 $a24-08-18 $be 
209A/01 $a/ $f000 $x00 
209A/01 $ab*p $x01 
220C/01 $apgar 
244Z/01 $#Generalgouvernement Polen $#Polska $#Rzeczpospolita Polska $#Polska Rzeczpospolita Ludowa $#Poland $#Pologne $#République Polonaise $#Generalne Gubernatorstwo w Polsce $#Polish People's Republic $#Polska Rzeczpospolita Polen $#PRL $#RP $#Polen Generalgouvernement $#Polska Generalgouvernement $#Besetzte Polnische Gebiete $#Besetztes Gebiet in Polen $#Okupowane Polskie Obszary $#Obszary Okupowane w Polsce $#Volksrepublik Polen $#Polska Rosyjska $#Republic Polen $#Respublika Pol'ša $#Pol'skaja Narodnaja Respublika $#République de Pologne $#Polen Links der Weichsel $#Polska po Lewej Stronie Wisły $#Lenkija $#Polija $#Gubernija Carstva Pol'skago $#Republik Polen $74046496-9 $8--Tg1--Polen $x01 $9085129801 
244Z/01 $#Schlesien $#Schlesien $#Herzogtum Schlesien $#Herzogtum Schlesien Schlesien $#Provinz Schlesien $#Śla̜sk $#Slezsko $#Silesia $74052678-1 $8--Tg1--Schlesien $x02 $9085146781 
244Z/01 $#Böhmische Kronländer $#Länder der Böhmischen Krone $#Sudetenland $#Böhmen $#Mähren $#Mährisch-Schlesien $#Österreichisch-Schlesien $#Tschechische Sozialistische Republik Böhmische Länder $#Tschechei Böhmische Länder $#Země koruny české $74069573-6 $8--Tg1--Böhmische Länder $x03 $9085195553 
247C/01 $82080>Marburg/Lahn, Herder-Institut, Forschungsbibliothek, Bibliographieportal $9336309341
LEADER 00000cam a22000002c 4500
001 435258028
003 DE-603
005 20210428114411.0
007 tu
008 180824s2015 xx |||| | u00||u|cze c
020 |a 9788021078918 
035 |a (DE-599)OBVAC12396168 
035 |a (OCoLC)932000358 
040 |a DE-603  |b ger  |c DE-603  |d DE-603  |e rda 
041 |a cze  |a lat 
082 0 4 |8 1\u  |a 200.943809023  |q DE-101  |2 23/BSB 
084 |a OST  |q DE-12  |2 fid 
085 |8 1\u  |b 200.9 
085 |8 1\u  |z 1  |s 09023 
085 |8 1\u  |z 1  |s 09024 
085 |8 1\u  |z 2  |s 438 
085 |8 1\u  |z 2  |s 4385 
100 1 |a Krafl, Pavel  |d 1971-  |e Verfasser  |4 aut  |0 (DE-603)202571432  |0 (DE-588)135919894  |2 gnd 
245 0 0 |a Ecclesia in Glacz frequencius a Christi fidelibus visitetur  |b = Kapitoly z dějin kladské kanonie v době předhusitské  |c Pavel Otmar Krafl 
250 |a 1. vydání 
264 1 |a Brno  |b Masarykova univerzita  |c 2015 
300 |a 198 Seiten 
336 |a Text  |b txt  |2 rdacontent 
337 |a ohne Hilfsmittel zu benutzen  |b n  |2 rdamedia 
338 |a Band  |b nc  |2 rdacarrier 
500 |a Englische Zusammenfassung, Seiten 197-198: Chapters from the history of the Kladsko/Kłodzko/Glatz canonry in the pre-Hussite period 
546 |a Teilweise latein, teilweise tschechisch 
610 1 7 |a Augustinerchorherren  |2 gnd  |0 (DE-588)2180420-5  |0 (DE-603)084594748 
648 7 |a Kirchengeschichte 1350-1419  |2 gnd 
650 7 |a Stift  |0 (DE-588)4057534-2  |0 (DE-603)085160024  |2 gnd 
651 7 |a Kłodzko  |0 (DE-588)5058463-7  |0 (DE-603)044730225  |2 gnd 
856 4 2 |m Digitalisierung BSB München 19 - ADAM Catalogue Enrichment  |q application/pdf  |u http://bvbr.bib-bvb.de:8991/F?func=service&doc_library=BVB01&local_base=BVB01&doc_number=030120734&sequence=000006&line_number=0002&func_code=DB_RECORDS&service_type=MEDIA  |3 Literaturverzeichnis 
856 4 2 |m Digitalisierung BSB München 19 - ADAM Catalogue Enrichment  |q application/pdf  |u http://bvbr.bib-bvb.de:8991/F?func=service&doc_library=BVB01&local_base=BVB01&doc_number=030120734&sequence=000007&line_number=0003&func_code=DB_RECORDS&service_type=MEDIA  |3 Register // Personenregister 
856 4 2 |m Digitalisierung BSB München 19 - ADAM Catalogue Enrichment  |q application/pdf  |u http://bvbr.bib-bvb.de:8991/F?func=service&doc_library=BVB01&local_base=BVB01&doc_number=030120734&sequence=000008&line_number=0004&func_code=DB_RECORDS&service_type=MEDIA  |3 Abstract 
856 4 2 |m V:DE-603;B:DE-Mb50  |q application/pdf  |u http://scans.hebis.de/HEBCGI/show.pl?43525802_toc.pdf  |3 Inhaltsverzeichnis 
924 0 |9 Mb 50  |a (DE-603)1148227792  |b DE-Mb50  |c HES  |d c  |g 21.01536 
924 0 |9 2080  |a (DE-603)102670703X  |b DE-2080  |c HES  |d d  |g /